Silicate melt inclusions in phenocrysts from glassy basanites of the Tergesh Pipe (North Minusa Depression, Khakasia, Russia)

Elmentve itt :
Bibliográfiai részletek
Szerzők: Timina T. Ju
Sharygin V. V.
Golovin A. V.
Pető M.
Dokumentumtípus: Cikk
Megjelent: Department of Mineralogy, Geochemistry and Petrology, University of Szeged Szeged 2003
Sorozat:Acta mineralogica-petrographica 2
Acta mineralogica-petrographica : abstract series 2
Kulcsszavak:Földtan, Ásványtan, Kőzettan
Tárgyszavak:
Online Access:http://acta.bibl.u-szeged.hu/31538
LEADER 01071nab a2200253 i 4500
001 acta31538
005 20260212145244.0
008 161017s2003 hu o 000 eng d
022 |a 0324-6523, 1589-4835 
040 |a SZTE Egyetemi Kiadványok Repozitórium  |b hun 
041 |a eng 
100 1 |a Timina T. Ju. 
245 1 0 |a Silicate melt inclusions in phenocrysts from glassy basanites of the Tergesh Pipe (North Minusa Depression, Khakasia, Russia)  |h [elektronikus dokumentum] /  |c  Timina T. Ju. 
260 |a Department of Mineralogy, Geochemistry and Petrology, University of Szeged  |b Szeged  |c 2003 
300 |a 213-214 
490 0 |a Acta mineralogica-petrographica  |v 2 
490 0 |a Acta mineralogica-petrographica : abstract series  |v 2 
650 4 |a Természettudományok 
650 4 |a Föld- és kapcsolódó környezettudományok 
695 |a Földtan, Ásványtan, Kőzettan 
700 0 1 |a Sharygin V. V.  |e aut 
700 0 1 |a Golovin A. V.  |e aut 
700 0 1 |a Pető M.  |e aut 
856 4 0 |u http://acta.bibl.u-szeged.hu/31538/1/mineralogica_as_002_213-214.pdf  |z Dokumentum-elérés